| 000 | 00712nam a2200217 i 4500 | ||
|---|---|---|---|
| 001 | 71525 | ||
| 003 | ES-MaACL | ||
| 005 | 20250822062546.0 | ||
| 007 | t| | ||
| 008 | 040812s1983 sp ||||1| spa d | ||
| 100 | 1 |
_aGenovard Rosselló, Cándido. _956335 |
|
| 245 | 1 | 0 |
_aGuía básica para psicólogos _b: conceptos, ejercicios, instrumentos / _cCándido Genovard y Carmen Chica. |
| 260 |
_aBarcelona : _bHerder, _c1983. |
||
| 300 |
_a383 p. ; _c22 cm. |
||
| 490 | 1 |
_aBiblioteca de psicología ; _v114 |
|
| 650 | 0 | 7 |
_aPsicología _2embne _916540 |
| 700 | 1 |
_aChica, Carmen. _938474 |
|
| 830 | 0 |
_aBiblioteca de psicología ; _v114 _9180745 |
|
| 852 |
_aES-MaACL _jL-4958 _bR.105655 |
||
| 999 |
_c71525 _d71525 |
||